<?xml version="1.0" encoding="UTF-8"?>
<record
    xmlns:xsi="http://www.w3.org/2001/XMLSchema-instance"
    xsi:schemaLocation="http://www.loc.gov/MARC21/slim http://www.loc.gov/standards/marcxml/schema/MARC21slim.xsd"
    xmlns="http://www.loc.gov/MARC21/slim">

  <leader>00429nam a2200157   4500</leader>
  <datafield tag="999" ind1=" " ind2=" ">
    <subfield code="c">3282</subfield>
    <subfield code="d">3282</subfield>
  </datafield>
  <controlfield tag="008">200326b           ||||| |||| 00| 0 eng d</controlfield>
  <datafield tag="082" ind1="0" ind2="0">
    <subfield code="a">623.87</subfield>
    <subfield code="b">M1454</subfield>
  </datafield>
  <datafield tag="100" ind1=" " ind2=" ">
    <subfield code="9">1279</subfield>
    <subfield code="a">McGeorge, H. D.</subfield>
  </datafield>
  <datafield tag="245" ind1="1" ind2="0">
    <subfield code="a">Marine auxiliary machinery /</subfield>
  </datafield>
  <datafield tag="250" ind1=" " ind2=" ">
    <subfield code="a">7th ed.</subfield>
  </datafield>
  <datafield tag="260" ind1=" " ind2=" ">
    <subfield code="a">New Delhi</subfield>
    <subfield code="b">Butterworths-Heinemann</subfield>
    <subfield code="c">1995</subfield>
  </datafield>
  <datafield tag="300" ind1=" " ind2=" ">
    <subfield code="a">514 p.</subfield>
  </datafield>
  <datafield tag="650" ind1=" " ind2="0">
    <subfield code="a">Marine Engines</subfield>
  </datafield>
  <datafield tag="650" ind1=" " ind2="0">
    <subfield code="a">Marine machinery</subfield>
  </datafield>
  <datafield tag="942" ind1=" " ind2=" ">
    <subfield code="2">ddc</subfield>
    <subfield code="c">BK</subfield>
  </datafield>
  <datafield tag="952" ind1=" " ind2=" ">
    <subfield code="0">0</subfield>
    <subfield code="1">0</subfield>
    <subfield code="2">ddc</subfield>
    <subfield code="4">0</subfield>
    <subfield code="6">623_870000000000000_M1454</subfield>
    <subfield code="7">0</subfield>
    <subfield code="9">8709</subfield>
    <subfield code="a">CL</subfield>
    <subfield code="b">CL</subfield>
    <subfield code="d">2020-03-26</subfield>
    <subfield code="o">623.87 M1454</subfield>
    <subfield code="p">05633</subfield>
    <subfield code="r">2020-03-26</subfield>
    <subfield code="y">BK</subfield>
  </datafield>
  <datafield tag="952" ind1=" " ind2=" ">
    <subfield code="0">0</subfield>
    <subfield code="1">0</subfield>
    <subfield code="2">ddc</subfield>
    <subfield code="4">0</subfield>
    <subfield code="6">623_870000000000000_M1454</subfield>
    <subfield code="7">0</subfield>
    <subfield code="9">8710</subfield>
    <subfield code="a">CL</subfield>
    <subfield code="b">CL</subfield>
    <subfield code="d">2020-03-26</subfield>
    <subfield code="o">623.87 M1454</subfield>
    <subfield code="p">05634</subfield>
    <subfield code="r">2020-03-26</subfield>
    <subfield code="y">BK</subfield>
  </datafield>
  <datafield tag="952" ind1=" " ind2=" ">
    <subfield code="0">0</subfield>
    <subfield code="1">0</subfield>
    <subfield code="2">ddc</subfield>
    <subfield code="4">0</subfield>
    <subfield code="6">623_870000000000000_M1454</subfield>
    <subfield code="7">0</subfield>
    <subfield code="9">8714</subfield>
    <subfield code="a">CL</subfield>
    <subfield code="b">CL</subfield>
    <subfield code="d">2020-03-26</subfield>
    <subfield code="o">623.87 M1454</subfield>
    <subfield code="p">05641</subfield>
    <subfield code="r">2020-03-26</subfield>
    <subfield code="y">BK</subfield>
  </datafield>
  <datafield tag="952" ind1=" " ind2=" ">
    <subfield code="0">0</subfield>
    <subfield code="1">0</subfield>
    <subfield code="2">ddc</subfield>
    <subfield code="4">0</subfield>
    <subfield code="6">623_870000000000000_M1454</subfield>
    <subfield code="7">0</subfield>
    <subfield code="9">8715</subfield>
    <subfield code="a">CL</subfield>
    <subfield code="b">CL</subfield>
    <subfield code="d">2020-03-26</subfield>
    <subfield code="l">2</subfield>
    <subfield code="o">623.87 M1454</subfield>
    <subfield code="p">05642</subfield>
    <subfield code="r">2023-03-01</subfield>
    <subfield code="s">2023-02-15</subfield>
    <subfield code="y">BK</subfield>
  </datafield>
  <datafield tag="952" ind1=" " ind2=" ">
    <subfield code="0">0</subfield>
    <subfield code="1">0</subfield>
    <subfield code="2">ddc</subfield>
    <subfield code="4">0</subfield>
    <subfield code="6">623_870000000000000_M1454</subfield>
    <subfield code="7">0</subfield>
    <subfield code="9">8716</subfield>
    <subfield code="a">CL</subfield>
    <subfield code="b">CL</subfield>
    <subfield code="d">2020-03-26</subfield>
    <subfield code="o">623.87 M1454</subfield>
    <subfield code="p">05645</subfield>
    <subfield code="r">2020-03-26</subfield>
    <subfield code="y">BK</subfield>
  </datafield>
  <datafield tag="952" ind1=" " ind2=" ">
    <subfield code="0">0</subfield>
    <subfield code="1">0</subfield>
    <subfield code="2">ddc</subfield>
    <subfield code="4">0</subfield>
    <subfield code="6">623_870000000000000_M1454</subfield>
    <subfield code="7">0</subfield>
    <subfield code="9">8718</subfield>
    <subfield code="a">CL</subfield>
    <subfield code="b">CL</subfield>
    <subfield code="d">2020-03-26</subfield>
    <subfield code="o">623.87 M1454</subfield>
    <subfield code="p">05648</subfield>
    <subfield code="r">2020-03-26</subfield>
    <subfield code="y">BK</subfield>
  </datafield>
  <datafield tag="952" ind1=" " ind2=" ">
    <subfield code="0">0</subfield>
    <subfield code="1">0</subfield>
    <subfield code="2">ddc</subfield>
    <subfield code="4">0</subfield>
    <subfield code="6">623_870000000000000_M1454</subfield>
    <subfield code="7">0</subfield>
    <subfield code="9">8726</subfield>
    <subfield code="a">CL</subfield>
    <subfield code="b">CL</subfield>
    <subfield code="d">2020-03-26</subfield>
    <subfield code="o">623.87 M1454</subfield>
    <subfield code="p">05654</subfield>
    <subfield code="r">2020-03-26</subfield>
    <subfield code="y">BK</subfield>
  </datafield>
  <datafield tag="952" ind1=" " ind2=" ">
    <subfield code="0">0</subfield>
    <subfield code="1">0</subfield>
    <subfield code="2">ddc</subfield>
    <subfield code="4">0</subfield>
    <subfield code="6">623_870000000000000_M1454</subfield>
    <subfield code="7">0</subfield>
    <subfield code="9">8727</subfield>
    <subfield code="a">CL</subfield>
    <subfield code="b">CL</subfield>
    <subfield code="d">2020-03-26</subfield>
    <subfield code="l">1</subfield>
    <subfield code="o">623.87 M1454</subfield>
    <subfield code="p">05658</subfield>
    <subfield code="r">2023-11-29</subfield>
    <subfield code="s">2023-08-04</subfield>
    <subfield code="y">BK</subfield>
  </datafield>
  <datafield tag="952" ind1=" " ind2=" ">
    <subfield code="0">0</subfield>
    <subfield code="1">0</subfield>
    <subfield code="2">ddc</subfield>
    <subfield code="4">0</subfield>
    <subfield code="6">623_870000000000000_M1454</subfield>
    <subfield code="7">0</subfield>
    <subfield code="9">9112</subfield>
    <subfield code="a">CL</subfield>
    <subfield code="b">CL</subfield>
    <subfield code="d">2020-06-10</subfield>
    <subfield code="o">623.87 M1454</subfield>
    <subfield code="p">06164</subfield>
    <subfield code="r">2020-06-10</subfield>
    <subfield code="y">BK</subfield>
  </datafield>
  <datafield tag="952" ind1=" " ind2=" ">
    <subfield code="0">0</subfield>
    <subfield code="1">0</subfield>
    <subfield code="2">ddc</subfield>
    <subfield code="4">0</subfield>
    <subfield code="6">623_870000000000000_M1454</subfield>
    <subfield code="7">0</subfield>
    <subfield code="9">9114</subfield>
    <subfield code="a">CL</subfield>
    <subfield code="b">CL</subfield>
    <subfield code="d">2020-06-10</subfield>
    <subfield code="o">623.87 M1454</subfield>
    <subfield code="p">06166</subfield>
    <subfield code="r">2020-06-10</subfield>
    <subfield code="y">BK</subfield>
  </datafield>
  <datafield tag="952" ind1=" " ind2=" ">
    <subfield code="0">0</subfield>
    <subfield code="1">0</subfield>
    <subfield code="2">ddc</subfield>
    <subfield code="4">0</subfield>
    <subfield code="6">623_870000000000000_M1454</subfield>
    <subfield code="7">0</subfield>
    <subfield code="9">9120</subfield>
    <subfield code="a">CL</subfield>
    <subfield code="b">CL</subfield>
    <subfield code="d">2020-06-10</subfield>
    <subfield code="l">2</subfield>
    <subfield code="o">623.87 M1454</subfield>
    <subfield code="p">06173</subfield>
    <subfield code="r">2026-05-13</subfield>
    <subfield code="s">2026-05-04</subfield>
    <subfield code="y">BK</subfield>
  </datafield>
  <datafield tag="952" ind1=" " ind2=" ">
    <subfield code="0">0</subfield>
    <subfield code="1">0</subfield>
    <subfield code="2">ddc</subfield>
    <subfield code="4">0</subfield>
    <subfield code="6">623_870000000000000_M1454</subfield>
    <subfield code="7">0</subfield>
    <subfield code="9">9121</subfield>
    <subfield code="a">CL</subfield>
    <subfield code="b">CL</subfield>
    <subfield code="d">2020-06-10</subfield>
    <subfield code="o">623.87 M1454</subfield>
    <subfield code="p">06174</subfield>
    <subfield code="r">2020-06-10</subfield>
    <subfield code="y">BK</subfield>
  </datafield>
  <datafield tag="952" ind1=" " ind2=" ">
    <subfield code="0">0</subfield>
    <subfield code="1">0</subfield>
    <subfield code="2">ddc</subfield>
    <subfield code="4">0</subfield>
    <subfield code="6">623_870000000000000_M1454</subfield>
    <subfield code="7">0</subfield>
    <subfield code="9">9127</subfield>
    <subfield code="a">CL</subfield>
    <subfield code="b">CL</subfield>
    <subfield code="d">2020-06-10</subfield>
    <subfield code="o">623.87 M1454</subfield>
    <subfield code="p">06180</subfield>
    <subfield code="r">2020-06-10</subfield>
    <subfield code="y">BK</subfield>
  </datafield>
  <datafield tag="952" ind1=" " ind2=" ">
    <subfield code="0">0</subfield>
    <subfield code="1">0</subfield>
    <subfield code="2">ddc</subfield>
    <subfield code="4">0</subfield>
    <subfield code="6">623_870000000000000_M1454</subfield>
    <subfield code="7">0</subfield>
    <subfield code="9">9736</subfield>
    <subfield code="a">CL</subfield>
    <subfield code="b">CL</subfield>
    <subfield code="d">2020-06-19</subfield>
    <subfield code="o">623.87 M1454</subfield>
    <subfield code="p">06501</subfield>
    <subfield code="r">2020-06-19</subfield>
    <subfield code="y">BK</subfield>
  </datafield>
  <datafield tag="952" ind1=" " ind2=" ">
    <subfield code="0">0</subfield>
    <subfield code="1">0</subfield>
    <subfield code="2">ddc</subfield>
    <subfield code="4">0</subfield>
    <subfield code="6">623_870000000000000_M1454</subfield>
    <subfield code="7">0</subfield>
    <subfield code="9">10632</subfield>
    <subfield code="a">CL</subfield>
    <subfield code="b">CL</subfield>
    <subfield code="d">2020-06-29</subfield>
    <subfield code="l">2</subfield>
    <subfield code="m">1</subfield>
    <subfield code="o">623.87 M1454</subfield>
    <subfield code="p">06708</subfield>
    <subfield code="r">2025-04-29</subfield>
    <subfield code="s">2025-04-15</subfield>
    <subfield code="y">BK</subfield>
  </datafield>
  <datafield tag="952" ind1=" " ind2=" ">
    <subfield code="0">0</subfield>
    <subfield code="1">0</subfield>
    <subfield code="2">ddc</subfield>
    <subfield code="4">0</subfield>
    <subfield code="6">623_870000000000000_M1454</subfield>
    <subfield code="7">0</subfield>
    <subfield code="9">10634</subfield>
    <subfield code="a">CL</subfield>
    <subfield code="b">CL</subfield>
    <subfield code="d">2020-06-29</subfield>
    <subfield code="o">623.87 M1454</subfield>
    <subfield code="p">06711</subfield>
    <subfield code="r">2020-06-29</subfield>
    <subfield code="y">BK</subfield>
  </datafield>
  <datafield tag="952" ind1=" " ind2=" ">
    <subfield code="0">0</subfield>
    <subfield code="1">0</subfield>
    <subfield code="2">ddc</subfield>
    <subfield code="4">0</subfield>
    <subfield code="6">623_870000000000000_M1454</subfield>
    <subfield code="7">0</subfield>
    <subfield code="9">10683</subfield>
    <subfield code="a">CL</subfield>
    <subfield code="b">CL</subfield>
    <subfield code="d">2020-06-29</subfield>
    <subfield code="o">623.87 M1454</subfield>
    <subfield code="p">06780</subfield>
    <subfield code="r">2020-06-29</subfield>
    <subfield code="y">BK</subfield>
  </datafield>
  <datafield tag="952" ind1=" " ind2=" ">
    <subfield code="0">0</subfield>
    <subfield code="1">0</subfield>
    <subfield code="2">ddc</subfield>
    <subfield code="4">0</subfield>
    <subfield code="6">623_870000000000000_M1454</subfield>
    <subfield code="7">0</subfield>
    <subfield code="9">12864</subfield>
    <subfield code="a">CL</subfield>
    <subfield code="b">CL</subfield>
    <subfield code="d">2020-08-04</subfield>
    <subfield code="o">623.87 M1454</subfield>
    <subfield code="p">07999</subfield>
    <subfield code="r">2020-08-04</subfield>
    <subfield code="y">BK</subfield>
  </datafield>
  <datafield tag="952" ind1=" " ind2=" ">
    <subfield code="0">0</subfield>
    <subfield code="1">0</subfield>
    <subfield code="2">ddc</subfield>
    <subfield code="4">0</subfield>
    <subfield code="6">623_870000000000000_M1454</subfield>
    <subfield code="7">0</subfield>
    <subfield code="9">22665</subfield>
    <subfield code="a">CL</subfield>
    <subfield code="b">CL</subfield>
    <subfield code="d">2021-01-21</subfield>
    <subfield code="o">623.87 M1454</subfield>
    <subfield code="p">08551</subfield>
    <subfield code="r">2021-01-21</subfield>
    <subfield code="y">BK</subfield>
  </datafield>
  <datafield tag="952" ind1=" " ind2=" ">
    <subfield code="0">0</subfield>
    <subfield code="1">0</subfield>
    <subfield code="2">ddc</subfield>
    <subfield code="4">0</subfield>
    <subfield code="6">623_870000000000000_M1454</subfield>
    <subfield code="7">0</subfield>
    <subfield code="9">22675</subfield>
    <subfield code="a">CL</subfield>
    <subfield code="b">CL</subfield>
    <subfield code="d">2021-01-21</subfield>
    <subfield code="o">623.87 M1454</subfield>
    <subfield code="p">08559</subfield>
    <subfield code="r">2021-01-21</subfield>
    <subfield code="y">BK</subfield>
  </datafield>
  <datafield tag="952" ind1=" " ind2=" ">
    <subfield code="0">0</subfield>
    <subfield code="1">0</subfield>
    <subfield code="2">ddc</subfield>
    <subfield code="4">0</subfield>
    <subfield code="6">623_870000000000000_M1454</subfield>
    <subfield code="7">0</subfield>
    <subfield code="9">22676</subfield>
    <subfield code="a">CL</subfield>
    <subfield code="b">CL</subfield>
    <subfield code="d">2021-01-21</subfield>
    <subfield code="l">3</subfield>
    <subfield code="o">623.87 M1454</subfield>
    <subfield code="p">08560</subfield>
    <subfield code="r">2026-04-30</subfield>
    <subfield code="s">2026-04-27</subfield>
    <subfield code="y">BK</subfield>
  </datafield>
  <datafield tag="952" ind1=" " ind2=" ">
    <subfield code="0">0</subfield>
    <subfield code="1">0</subfield>
    <subfield code="2">ddc</subfield>
    <subfield code="4">0</subfield>
    <subfield code="6">623_870000000000000_M1454</subfield>
    <subfield code="7">0</subfield>
    <subfield code="9">22677</subfield>
    <subfield code="a">CL</subfield>
    <subfield code="b">CL</subfield>
    <subfield code="d">2021-01-21</subfield>
    <subfield code="o">623.87 M1454</subfield>
    <subfield code="p">08561</subfield>
    <subfield code="r">2021-01-21</subfield>
    <subfield code="y">BK</subfield>
  </datafield>
  <datafield tag="952" ind1=" " ind2=" ">
    <subfield code="0">0</subfield>
    <subfield code="1">0</subfield>
    <subfield code="2">ddc</subfield>
    <subfield code="4">0</subfield>
    <subfield code="6">623_870000000000000_M1454</subfield>
    <subfield code="7">0</subfield>
    <subfield code="9">22678</subfield>
    <subfield code="a">CL</subfield>
    <subfield code="b">CL</subfield>
    <subfield code="d">2021-01-21</subfield>
    <subfield code="o">623.87 M1454</subfield>
    <subfield code="p">08562</subfield>
    <subfield code="r">2021-01-21</subfield>
    <subfield code="y">BK</subfield>
  </datafield>
</record>
